Score 0/15 Timer 01:30
0 Plays Today
% Correct
United States
94.5%
Japan
90.4%
China
88.9%
Russia
88.6%
Spain
78.1%
Italy
77.8%
Germany
77.6%
France
74.9%
% Correct
Belgium
69.1%
Switzerland
66.5%
Czechia
66.5%
Argentina
63.4%
Denmark
61.4%
Romania
60.9%
Belarus
59.6%

Today's Daily Dose

Come Together.
Have Fun.
All Virtual.
We all need to come together. Play Sporcle's virtual live trivia to have fun, connect with people, and get your trivia on. Join a live hosted trivia game for your favorite pub trivia experience done virtually. If a virtual private party is more your thing, go here for details.

You're not logged in!

Compare scores with friends on all Sporcle quizzes.
OR
Log In

Sporcle TV

Today on Sporcle TV


Watch our educational content, quiz creation guides, and fun videos on Sporcle TV.

Show Comments

Extras

Top Quizzes Today


Score Distribution

Paid Content

Your Account Isn't Verified!

In order to create a playlist on Sporcle, you need to verify the email address you used during registration. Go to your Sporcle Settings to finish the process.

Report this User

Report this user for behavior that violates our Community Guidelines.

Details: